| 000 | 00901nam0a22002651 4500 | ||
|---|---|---|---|
| 001 | v19\rc\2114498 | ||
| 005 | 20250620051445.0 | ||
| 035 | _a(NLR Aleph) 005187012 | ||
| 090 |
_a5174445 _c5174445 |
||
| 100 | _a20090914d1877 |||y0rusy50 ca | ||
| 101 | 0 | _arus | |
| 102 | _aRU | ||
| 105 | _ay z |||e| | ||
| 200 | 1 | _aПисьмо к издателю | |
| 210 |
_a[Москва] _cУнив. тип. _dценз. 1877 |
||
| 215 |
_a3 с. _d14 |
||
| 300 | _aВ конце текста авт.: П. Воронцов-Вельяминов | ||
| 309 | _aБез тит. л. и обл. | ||
| 700 | 1 |
_7ca _8rus _aВоронцов-Вельяминов _bП. Н. _cчиновник, юрист _f1826-1881 _gПавел Николаевич _9226353 _3RU\NLR\AUTH\770226409 |
|
| 801 | 0 |
_aRU _bNLR _gpsbo |
|
| 801 | 1 |
_aRU _bProSoft-M _2rusmarc |
|
| 852 |
_aNLR _j18.67.8.199 |
||
| 942 | _cBOOK | ||
| 980 | _aNB | ||